<?xml version="1.0" encoding="UTF-8"?>
<record
    xmlns:xsi="http://www.w3.org/2001/XMLSchema-instance"
    xsi:schemaLocation="http://www.loc.gov/MARC21/slim http://www.loc.gov/standards/marcxml/schema/MARC21slim.xsd"
    xmlns="http://www.loc.gov/MARC21/slim">

  <leader>02737aam a2200397 i 4500</leader>
  <controlfield tag="001">73904</controlfield>
  <controlfield tag="003">CO-MdUADB</controlfield>
  <controlfield tag="005">20260504075109.0</controlfield>
  <controlfield tag="007">ta</controlfield>
  <controlfield tag="008">960313s1993    sp     gr         pdspa d</controlfield>
  <datafield tag="020" ind1=" " ind2=" ">
    <subfield code="a">8476407378</subfield>
    <subfield code="q">ISNBN-10</subfield>
  </datafield>
  <datafield tag="020" ind1=" " ind2=" ">
    <subfield code="a">9788476407370</subfield>
    <subfield code="q">ISNBN-13</subfield>
  </datafield>
  <datafield tag="035" ind1=" " ind2=" ">
    <subfield code="a">73904</subfield>
  </datafield>
  <datafield tag="035" ind1=" " ind2=" ">
    <subfield code="a">(OCoLC)778206613</subfield>
  </datafield>
  <datafield tag="040" ind1=" " ind2=" ">
    <subfield code="a">CO-MdUADB</subfield>
    <subfield code="b">spa</subfield>
    <subfield code="c">CO-MdUADB</subfield>
    <subfield code="e">ra</subfield>
  </datafield>
  <datafield tag="041" ind1="0" ind2=" ">
    <subfield code="a">spa</subfield>
  </datafield>
  <datafield tag="082" ind1="0" ind2="4">
    <subfield code="a">H861</subfield>
  </datafield>
  <datafield tag="245" ind1="0" ind2="0">
    <subfield code="a">Antolog&#xED;a de la poes&#xED;a amorosa espa&#xF1;ola e hispanoamericana /</subfield>
    <subfield code="c">edici&#xF3;n de V&#xED;ctor de Lama</subfield>
  </datafield>
  <datafield tag="250" ind1=" " ind2=" ">
    <subfield code="a">1.&#xAA; edici&#xF3;n</subfield>
  </datafield>
  <datafield tag="264" ind1=" " ind2="1">
    <subfield code="a">Barcelona :</subfield>
    <subfield code="b">Editorial EDAF,</subfield>
    <subfield code="c">1993.</subfield>
  </datafield>
  <datafield tag="300" ind1=" " ind2=" ">
    <subfield code="a">495 p&#xE1;ginas</subfield>
  </datafield>
  <datafield tag="336" ind1=" " ind2=" ">
    <subfield code="2">rdacontent</subfield>
    <subfield code="a">texto</subfield>
    <subfield code="b">txt</subfield>
  </datafield>
  <datafield tag="337" ind1=" " ind2=" ">
    <subfield code="a">no mediado</subfield>
  </datafield>
  <datafield tag="338" ind1=" " ind2=" ">
    <subfield code="a">volumen</subfield>
  </datafield>
  <datafield tag="490" ind1="1" ind2=" ">
    <subfield code="a">Biblioteca EDAF ;</subfield>
    <subfield code="v">200</subfield>
  </datafield>
  <datafield tag="505" ind1="2" ind2="0">
    <subfield code="t">Introducci&#xF3;n --</subfield>
    <subfield code="t">Algunas antolog&#xED;as de poes&#xED;a amorosa en castellano --</subfield>
    <subfield code="t">Edad Media (Siglos XI-XV) --</subfield>
    <subfield code="t">Renacimiento (Siglo XVI) --</subfield>
    <subfield code="t">Barroco (Siglo XVII) --</subfield>
    <subfield code="t">Neoclasicismo y prerromanticismo (Siglo XVIII) --</subfield>
    <subfield code="t">Romanticismo y realismo (Siglo XIX) --</subfield>
    <subfield code="t">Modernismo y nuevas promociones del siglo XX.</subfield>
  </datafield>
  <datafield tag="520" ind1="3" ind2=" ">
    <subfield code="a">Esta colecci&#xF3;n de poemas invita a un paseo, a veces sereno, a veces atormentado, e incita a una exploraci&#xF3;n de los matices con que cientos de poetas han enriquecido el AMOR, el tema de inspiraci&#xF3;n m&#xE1;s universal.
Desde las hermosas jarchas moz&#xE1;rabes y la poes&#xED;a cortesana, se llega a la elegancia de Garcilaso y a las cumbres m&#xED;sticas de San Juan de la Cruz. Asistimos a la vitalidad arrebatada de Lope de Vega, a las atrevidas met&#xE1;foras de G&#xF3;ngora, al pensamiento hirviente de Quevedo o a la clara inteligencia de Sor Juana In&#xE9;s. Tras ellos, Espronceda, B&#xE9;cquer, Dar&#xED;o, Juan Ram&#xF3;n, los Machado, Salinas, Lorca, Cernuda... 
No pod&#xED;an faltar los versos de Neruda, Vallejo, Octavio Paz y tantos otros que, aunque menos conocidos, son imprescindibles para completar esta edici&#xF3;n del profesor V&#xED;ctor de Lama. 
Siguiendo un estricto orden cronol&#xF3;gico, e incluyendo poetas de todos los pa&#xED;ses hispanoamericanos, el lector descubrir&#xE1; c&#xF3;mo ha evolucionado la expresi&#xF3;n del amor en la poes&#xED;a del &#xFA;ltimo milenio. Al final del camino, tenemos ante nosotros un amplio mapa espiritual del alma hisp&#xE1;nica en su vivencia del amor. (Tomado de la cubierta del libro).</subfield>
  </datafield>
  <datafield tag="650" ind1="1" ind2="7">
    <subfield code="a">Poes&#xED;a amorosa</subfield>
    <subfield code="9">16033</subfield>
    <subfield code="2">lemb</subfield>
    <subfield code="v">Colecciones</subfield>
  </datafield>
  <datafield tag="650" ind1="1" ind2="7">
    <subfield code="a">Poes&#xED;a amorosa espa&#xF1;ola</subfield>
    <subfield code="9">31577</subfield>
    <subfield code="2">lemb</subfield>
  </datafield>
  <datafield tag="650" ind1="1" ind2="7">
    <subfield code="a">Poes&#xED;a amorosa latinoamericana</subfield>
    <subfield code="9">18374</subfield>
    <subfield code="2">lemb</subfield>
  </datafield>
  <datafield tag="650" ind1="1" ind2="7">
    <subfield code="a">Poes&#xED;a espa&#xF1;ola</subfield>
    <subfield code="9">15850</subfield>
    <subfield code="2">lemb</subfield>
    <subfield code="v">Colecciones</subfield>
  </datafield>
  <datafield tag="650" ind1="1" ind2="7">
    <subfield code="a">Poes&#xED;a hispanoamericana</subfield>
    <subfield code="9">9329</subfield>
    <subfield code="2">lemb</subfield>
    <subfield code="v">Colecciones</subfield>
  </datafield>
  <datafield tag="700" ind1="1" ind2=" ">
    <subfield code="9">261423</subfield>
    <subfield code="a">Lama, V&#xED;ctor de,</subfield>
    <subfield code="d">1955-</subfield>
    <subfield code="e">edt</subfield>
  </datafield>
  <datafield tag="830" ind1=" " ind2="0">
    <subfield code="a">Biblioteca EDAF (Editorial EDAF)</subfield>
    <subfield code="v">200</subfield>
    <subfield code="9">859273</subfield>
  </datafield>
  <datafield tag="942" ind1=" " ind2=" ">
    <subfield code="c">BOOK</subfield>
    <subfield code="2">ddc</subfield>
  </datafield>
  <datafield tag="999" ind1=" " ind2=" ">
    <subfield code="c">45720</subfield>
    <subfield code="d">45720</subfield>
  </datafield>
  <datafield tag="952" ind1=" " ind2=" ">
    <subfield code="0">0</subfield>
    <subfield code="1">0</subfield>
    <subfield code="2">ddc</subfield>
    <subfield code="4">0</subfield>
    <subfield code="7">0</subfield>
    <subfield code="8">LILAT</subfield>
    <subfield code="a">BC</subfield>
    <subfield code="b">BC</subfield>
    <subfield code="d">1997-06-26</subfield>
    <subfield code="i">C118105</subfield>
    <subfield code="l">0</subfield>
    <subfield code="o">H861.08 A634ap</subfield>
    <subfield code="p">61000000868592</subfield>
    <subfield code="r">2025-05-19 07:59:12</subfield>
    <subfield code="w">2023-04-21</subfield>
    <subfield code="y">BOOK</subfield>
  </datafield>
  <datafield tag="952" ind1=" " ind2=" ">
    <subfield code="0">0</subfield>
    <subfield code="1">0</subfield>
    <subfield code="2">ddc</subfield>
    <subfield code="4">0</subfield>
    <subfield code="7">0</subfield>
    <subfield code="8">LILAT</subfield>
    <subfield code="a">BC</subfield>
    <subfield code="b">BC</subfield>
    <subfield code="d">2024-12-02</subfield>
    <subfield code="e">Material adquirido por donaci&#xF3;n</subfield>
    <subfield code="f">DONA</subfield>
    <subfield code="g">95000.00</subfield>
    <subfield code="l">0</subfield>
    <subfield code="o">H861.08 A634ap e2</subfield>
    <subfield code="p">01099383</subfield>
    <subfield code="r">2025-03-12 08:55:18</subfield>
    <subfield code="w">2025-02-03</subfield>
    <subfield code="y">BOOK</subfield>
  </datafield>
</record>
